| 000 | 00583nam a2200217Ia 4500 | ||
|---|---|---|---|
| 003 | BUBTL | ||
| 008 | 151213s9999 xx 000 0 und d | ||
| 020 | _a0-256-02847-8 | ||
| 082 | _a658.8/HUM | ||
| 100 |
_aHunt, Shelby D. _92682 |
||
| 245 |
_aMarketing Theory/ _cShelby D. Hunt |
||
| 260 |
_aHomewood, Iuinois _bIrwin _c1983 |
||
| 300 |
_a[xvii],515p.: _b25cm. |
||
| 500 | _aIncludes Index | ||
| 650 |
_aMarketing _92683 |
||
| 650 |
_aMarketing _92683 |
||
| 700 |
_aShelby D. Hunt _92684 |
||
| 856 |
_k0 _l0 _yDownload |
||
| 942 |
_2ddc _cBK |
||
| 999 |
_c1886 _d1886 |
||